000 00625nam a2200193Ia 4500
003 GCL
008 140319s9999 xx 000 0 ara d
040 _aGCL /
_cGCL
082 0 4 _a216
_bع ت
100 1 _aعبدالله السبيتى
245 1 0 _aتحت راية الحق : مناقشة موضوعية مع احمد امين فى فجر الاسلام /
_cعبدالله السبيتى
700 1 _aحامد حفنى داود
300 _a248 ص
490 _a
650 0 4 _aدفع المطاعن عن الاسلام
650 0 4 _aاحمد امين
650 0 4 _aالاسلام - نظريات
942 _2ddc
_cBK
999 _c45737
_d45737